000 00769nam a2200253Ia 4500
003 OSt
005 20220918202607.0
006 a|||||r|||| 00| 0
007 ta
008 220917b |||||||| |||| 00| 0 eng d
024 _a102,414
037 _cTextual
040 _aARTS
_cARTS
_beng
041 _2eng
_aeng
082 _aV252:241:N7, K5-;3
100 _aBrass Paul R
_9104227
245 0 _aFactional politics in an Indian state
_b The congress party in Uttar Pradesh
260 _aBerkely
_bUniversity of California Press
_c1965
300 _axiv, 262p. maps
_ccm.
500 _aAppendix p247--248; Bibliography p249--254
650 _aHISTORY
942 _hV252:241:N7, K5-;3
_cTEXL
_2CC
999 _c225868
_d225868